PIPI HELPED HER MOTHER

Bibliographic Details
Main Author: Chin, S. L. (Author)
Format: Book
Language:English
Published: Seremban, Negeri Sembilan : Goodwill Publications 2019
Edition:First Edition 2019
Series:My little story readers
Subjects:

MARC

LEADER 00000cam a2200000 7i4500
001 0000135980
005 20200214.0
008 200214s2019 my a j 000 1 eng
020 |a 9789670768663 
040 |a PERPUSTAM   |b eng   |c PERPUSTAM   |e rda 
090 0 0 |a J 823.92   |b CHI 
100 1 |a Chin, S. L. ,   |e author 
245 1 0 |a PIPI HELPED HER MOTHER   |c S L CHIN 
250 |a First Edition 2019 
264 1 |a Seremban, Negeri Sembilan :   |b Goodwill Publications   |c 2019 
300 |a 30 pages :   |b colour illustrations ;   |c 21 cm. 
336 |a text, rdacontent 
337 |a unmediated  |2 rdamedia 
338 |a volume  |2 rdacarrier 
490 1 |a MY LITTLE STORY READERS 
650 1 0 |a Children's stories, English 
650 2 0 |a English fiction 
830 0 |a My little story readers 
999 |a 0000636173   |b Buku   |c Koleksi Pinjaman Kanak-Kanak   |e Perbadanan Perpustakaan Awam Melaka 
999 |a 0000636174   |b Buku   |c Koleksi Pinjaman Kanak-Kanak   |e Perpustakaan Cawangan Jasin 
999 |a 0000636175   |b Buku   |c Koleksi Pinjaman Kanak-Kanak   |e Perpustakaan Cawangan Masjid Tanah 
999 |a 0000636176   |b Buku   |c Koleksi Pinjaman Kanak-Kanak   |e Perpustakaan Cawangan Merlimau 
999 |a 0000636177   |b Buku   |c Koleksi Pinjaman Kanak-Kanak   |e Perbadanan Perpustakaan Awam Melaka 
999 |a 0000636178   |b Buku   |c Koleksi Pinjaman Kanak-Kanak   |e Perbadanan Perpustakaan Awam Melaka 
999 |a 0000636179   |b Buku   |c Koleksi Pinjaman Kanak-Kanak   |e Perpustakaan Komuniti UTC Melaka 
999 |a 0000636180   |b Buku   |c Koleksi Pinjaman Kanak-Kanak   |e Perpustakaan Komuniti Element Mall 
999 |a 0000636181   |b Buku   |c Koleksi Pinjaman Kanak-Kanak   |e PK Aeon Jaya Jusco 
999 |a 0000636182   |b Buku   |c Koleksi Pinjaman Kanak-Kanak   |e Perpustakaan Sekolah Tunas Bakti 
999 |a 0000636183   |b Buku   |c Koleksi Pinjaman Kanak-Kanak   |e Perbadanan Perpustakaan Awam Melaka